Birds of Wetlands in Peninsular Malaysia
| Corporate Author: | |
|---|---|
| Format: | Book |
| Published: |
Selangor :
UPM ,
2014
|
| Subjects: |
MARC
| LEADER | 00000cam a2200000 7i4500 | ||
|---|---|---|---|
| 001 | 0000004050 | ||
| 005 | 20151030.0 | ||
| 020 | 0 | 0 | |a 9789673444144 |
| 090 | 0 | 0 | |a 598.176 |b BIR 2014 |
| 245 | 0 | 0 | |a Birds of Wetlands in Peninsular Malaysia |c Mohamed Zakaria Hussin and Muhammad Nawaz Rajpar |
| 260 | 0 | 0 | |a Selangor : |b UPM , |c 2014 |
| 300 | |a ix.242. : |b ill.col. ; |c 24 cm. | ||
| 500 | 0 | 0 | |a Includes bibliography and index |
| 650 | 0 | 0 | |a Water birds |
| 650 | 0 | 0 | |a Wetlands conservation---Malaysia |
| 710 | 1 | 1 | |a JPSM |
| 999 | |a 007870 |b Monograph |c Open Shelf |e Default branch | ||